
Library Catalogue

| 000 -LEADER | |
|---|---|
| fixed length control field | 01266nam a22001697a 4500 |
| 005 - DATE AND TIME OF LATEST TRANSACTION | |
| control field | 20220509192119.0 |
| 008 - FIXED-LENGTH DATA ELEMENTS--GENERAL INFORMATION | |
| fixed length control field | 220315b2021 ||||| |||| 00| 0 eng |
| 082 ## - DEWEY DECIMAL CLASSIFICATION NUMBER | |
| Classification number | 347.09 PAU |
| 100 ## - MAIN ENTRY--PERSONAL NAME | |
| Personal name | Paul Benny & Benny Tina |
| 245 ## - TITLE STATEMENT | |
| Title | Simplified Approach to Alternative Dispute Resoluton : |
| Remainder of title | Inclding Arbitration and Conciliation Act, 1996 |
| 250 ## - EDITION STATEMENT | |
| Edition statement | 2nd Ed |
| 260 ## - PUBLICATION, DISTRIBUTION, ETC. | |
| Place of publication, distribution, etc. | Chandigarh |
| Name of publisher, distributor, etc. | Shree Ram Law House |
| Date of publication, distribution, etc. | 2021 |
| 365 ## - TRADE PRICE | |
| Price amount | 553 |
| 505 ## - FORMATTED CONTENTS NOTE | |
| Formatted contents note | Content:<br/>1. Meaning and Concept of ADR;<br/>2. Types of Alternative Dispute Resolution;<br/>3. Mediation : Mediation and Conciliation Rules, 2004;<br/>4 UNCITRAL Model Law ;<br/>5. International Commercial Arbitration;<br/>6. Section 89 - Civil Procedure Code;<br/>7. Legal Services Authoriries Act, 1987 <br/>9. Concept of Plea Bargaining;<br/>10 Arbitration in India / An Overview;<br/>11 Part I Arbitration - Definition and General Aspects;<br/>12 Arbitration Agreement;<br/>13. Composition and Jurisdiction of Arbitral Tribunal;<br/>14 Section 16 : Jurisdiction of Arbitrators;<br/>15. Conduct of Arbitral Proceddings;<br/>16 Making of Arbitration Award and Termination of Proceedings;<br/>17. Finality and Enforcement of Arbitral Award;<br/>18 Miscellaeneous<br/><br/> |
| 650 ## - SUBJECT ADDED ENTRY--TOPICAL TERM | |
| Topical term or geographic name entry element | Dispute Resolution Law -- India |
| Form subdivision | Arbitration & Conciliation |
| 942 ## - ADDED ENTRY ELEMENTS (KOHA) | |
| Source of classification or shelving scheme | Dewey Decimal Classification |
| Koha item type | BOOKs |
| Withdrawn status | Lost status | Source of classification or shelving scheme | Materials specified (bound volume or other part) | Damaged status | Not for loan | Home library | Current library | Shelving location | Date acquired | Source of acquisition | Cost, normal purchase price | Total Checkouts | Full call number | Barcode | Date last seen | Date last checked out | Price effective from | Koha item type |
|---|---|---|---|---|---|---|---|---|---|---|---|---|---|---|---|---|---|---|
| Dewey Decimal Classification | PB | . | . | Library Compactors | 15.03.2022 | Purchased | 553.00 | 1 | 347.09 PAU | 38634 | 28.04.2025 | 20.04.2025 | 15.03.2022 | BOOKs |